000 01087cam a2200313 4500
999 _c27405
_d27405
001 3603096
003 OSt
005 20170208120531.0
008 710208s1970 ctua bc 001 0 eng
010 _a 71118730
020 _a0300012977
040 _aDLC
_cDLC
_dDLC
043 _aae-----
050 0 0 _aN7336
_b.Y34 1970
082 0 0 _a709.5/074/01468
110 2 _aYale University.
_bArt Gallery.
245 1 0 _aSelected Far Eastern art in the Yale University Art Gallery:
_ba catalogue,
_cby George J. Lee.
260 _aNew Haven,
_bYale University Press,
_c1970.
300 _axvi, 285 p.
_billus.
_c26 cm.
350 _a$12.50
500 _aTitle on spine: Far Eastern art in the Yale Art Gallery.
504 _aBibliography: p. 269-273.
650 0 _aArt, East Asian
_xCatalogs.
650 0 _aArt
_zConnecticut
_zNew Haven
_xCatalogs.
700 1 _aLee, George J.,
_d1919-
740 _aFar Eastern art in the Yale Art Gallery.
906 _a7
_bcbc
_corignew
_d2
_encip
_f19
_gy-gencatlg
942 _2lcc
_cBOOKS
_hN 7336 .Y34 1970